00506cam a2200181 4500001001100000008004100011020001800052035001500070050001900085100001800104245005500122260004000177300002100217440002700238500001500265505002400280650002000304BIIH004499 1994 spa  a968-856-358-7 aBIIH004499 4aJA36bK35 19941 aKanousi, Dora 0aEnsayos sobre el conservadurismo /cDora Kanoussi. aMéxico :bPlaza y Valdés,c1994 a111 p. ;c21 cm. 0aFoliios universitarios a1 ejemplar aProyecto FOMES 2000 4aConservadurismo